Manual de derecho canónico
Uloženo v:
| Korporativní autor: | |
|---|---|
| Médium: | Kniha |
| Jazyk: | španělština |
| Vydáno: |
Pamplona
EUNSA
1988
|
| Témata: | |
| Tagy: |
Přidat tag
Žádné tagy, Buďte první, kdo vytvoří štítek k tomuto záznamu!
|
MARC
| LEADER | 00000nam a2200000 a 4500 | ||
|---|---|---|---|
| 001 | UCV3157 | ||
| 003 | CL-VaPUC | ||
| 008 | 930421e19880000SP |||||||||||||||||spa|d | ||
| 082 | 0 | 4 | |a 262.94 |b INS |2 21 |
| 110 | |a Instituto Martín de Azpilcueta, España |e autor |9 297405 | ||
| 245 | 1 | 0 | |a Manual de derecho canónico |
| 300 | |a 803 p | ||
| 942 | |c BK | ||
| 945 | |d 19930421 00:00:00 | ||
| 260 | |a Pamplona |b EUNSA |c 1988 | ||
| 650 | 7 | |a DERECHO CANONICO |2 CL-VaPUC |9 297406 | |
| 650 | 0 | |a Derecho eclesiástico |9 255055 | |
| 583 | |a last modification |c 19930421 00:00:00 |k Rodrigo Vera | ||
| 999 | |c 210479 |d 210477 | ||
| 952 | |0 0 |1 0 |4 0 |6 262_940000000000000_INS_1988 |7 0 |8 A |9 186763 |a BIBDER |b BIBDER |d 2019-11-14 |i 2543664 |l 1 |m 2 |o 262.94 INS 1988 |p 2543664 |r 2024-05-24 |s 2024-05-06 |w 2019-11-14 |y BK |k DER | ||